000 00744nam a2200253Ia 4500
003 OSt
005 20220926010618.0
006 a|||||r|||| 00| 0
007 ta
008 220923b |||||||| |||| 00| 0 eng d
037 _cGeneral Book
040 _aRTL
_cRTL
_beng
041 _2eng
_aeng
082 _aY:(B), K8
100 _aMerritt Richard L
_9276802
245 0 _aComparing nations
_b The use of quantitative data i
260 _aNew Haven
_bYale University Press
_c1968
300 _axvi, 584p.
_ccm.
500 _aBibiliography P 561-70.
650 _aSociometry
700 _a Rokkan Stein Ed.
_911305
942 _hY:(B), K8
_cGB
_2CC
999 _c617754
_d617754